Villes d'Europe sur une carte par lettre - S - Statistiques

Statistiques générales
  • Ce quiz a été pris 209 fois
  • Le résultat moyen est 7 sur 10
Réponses sur la Carte
Les réponses sont colorées sur une échelle allant du rouge au vert en fonction du pourcentage des utilisateurs qui les ont devinées à leur premier essai. Vous pouvez retrouver ces pourcentages ci-dessous.
 
Statistiques - réponses
Ville en S % Correct
Strasbourg
98%
Stockholm
91%
Séville
88%
Sofia
86%
Salzburg
74%
Skopje
73%
Southampton
70%
Stuttgart
65%
Split
59%
Setúbal
22%
Aucun quiz correspondant
Distribution des résultats
% des personnes avec chaque résultat
Percentile par nombre de réponses
Votre historique - résultats
Vous n’avez pas pris ce quiz